Kvantifikácia závislosti priemernej mzdy od niektorých makroekonomických ukazovateľov.
Závislosť medzi priemernou nominálnou mzdou a produktivitou práce ako základným zdrojom rastu hrubého národného dôchodku. Rozdiel medzi vývojom priemernej nominálnej a priemernej reálnej mzdy v období 1989-1991. Zrýchlenie tempa rastu nezamestnanosti.
Guardado en:
| Autor principal: | |
|---|---|
| Formato: | Capítulo de libro |
| Lenguaje: | eslovaco |
| Materias: | |
| Etiquetas: |
Sin Etiquetas, Sea el primero en etiquetar este registro!
|
MARC
| LEADER | 00000naa a2200000 4500 | ||
|---|---|---|---|
| 001 | r011324 | ||
| 005 | 20220831073428.7 | ||
| 041 | 0 | |a slo | |
| 044 | |a [CS] | ||
| 245 | 1 | 0 | |a Kvantifikácia závislosti priemernej mzdy od niektorých makroekonomických ukazovateľov. |c Marián Goga |
| 520 | |a Závislosť medzi priemernou nominálnou mzdou a produktivitou práce ako základným zdrojom rastu hrubého národného dôchodku. Rozdiel medzi vývojom priemernej nominálnej a priemernej reálnej mzdy v období 1989-1991. Zrýchlenie tempa rastu nezamestnanosti. | ||
| 610 | 2 | 0 | |a mzdy priemerné |
| 610 | 2 | 0 | |a produktivita práce |
| 610 | 2 | 0 | |a dôchodok národný hrubý |
| 610 | 2 | 0 | |a mzdy nominálne |
| 610 | 2 | 0 | |a nezamestnanosť |
| 610 | 2 | 0 | |a inflácia |
| 610 | 2 | 0 | |a analýza kvantitatívna |
| 610 | 2 | 0 | |a Slovensko |
| 610 | 2 | 0 | |a 1989-1991 |
| 610 | 2 | 0 | |a modely makroekonomické |
| 610 | 2 | 0 | |a ekonometria |
| 100 | 1 | |a Goga, Marián | |